000 00285nam a22001337a 4500
008 170622b xxu||||| |||| 00| 0 eng d
020 _a0136843174
041 _aeng
080 _a32
100 _a21
101 _aSHP
245 _aPOLITICS IN CANADA
_cJACKSON,R.J
942 _2udc
_cBK
999 _c18778
_d18778